School of negative thought / by Sheelue Yang and ... Read More
Available copies
- 1 of 1 copy available at LARL/NWRL Consortium.
Current holds
0 current holds with 1 total copy.
Show Only Available Copies
| Location | Call Number / Copy Notes | Barcode | Shelving Location | Status | Due Date |
|---|---|---|---|---|---|
| Hallock Public Library | j G YAN (Text) | 35500006813453 | Main | Available | - |
Record details
- ISBN: 9781669060246
- ISBN: 1669060241
- ISBN: 9781669060284
- ISBN: 1669060284
- Physical Description: 32 pages : chiefly color illustrations ; 24 cm.
- Publisher: North Mankato, Minnesota : Stone Arch Books, [2024]
- Copyright: ©2025
Content descriptions
| Summary, etc.: | Eleven-year-old Niah "Silver" Lee has anxiety ... Read More |
| Target Audience Note: | Ages 8-11 Stone Arch Books. Grades 4-6 Stone Arch Books. |
Search for related items by subject
| Genre: | Coming-of-age comics Graphic novels Coming-of-age comics. Graphic novels. |
Search for related items by series
| LDR | 02913cam a22006978i 4500 | ||
|---|---|---|---|
| 001 | 446905 | ||
| 003 | LARL_NWRL_CONSORTIUM | ||
| 005 | 20240927141009.0 | ||
| 008 | 231114t20242025mnua c 6 000 1 eng | ||
| 010 | . | ‡a 2023039288 | |
| 040 | . | ‡aDLC ‡beng ‡erda ‡cDLC ‡dOCLCO ‡dYDX ‡dBDX ‡dOCLCF ‡dOCLCO ‡dJO6 ‡dOCLCO ‡dOJ4 ‡dOCLCO ‡dNYP ‡dOCLCA | |
| 019 | . | ‡a1451144815 ‡a1454737062 | |
| 020 | . | ‡a9781669060246 ‡q(library binding) | |
| 020 | . | ‡a1669060241 ‡q(library binding) | |
| 020 | . | ‡a9781669060284 ‡q(paperback) | |
| 020 | . | ‡a1669060284 ‡q(paperback) | |
| 035 | . | ‡a(OCoLC)1409427928 ‡z(OCoLC)1451144815 ‡z(OCoLC)1454737062 | |
| 042 | . | ‡apcc | |
| 082 | 0 | 0. | ‡a741.5/973 ‡223/eng/20231114 |
| 100 | 1 | . | ‡aYang, Sheelue, ‡eauthor. |
| 245 | 1 | 0. | ‡aSchool of negative thought / ‡cby Sheelue Yang and [illustrated by] Karen Donnelly. |
| 264 | 1. | ‡aNorth Mankato, Minnesota : ‡bStone Arch Books, ‡c[2024] | |
| 264 | 4. | ‡c©2025 | |
| 300 | . | ‡a32 pages : ‡bchiefly color illustrations ; ‡c24 cm. | |
| 336 | . | ‡atext ‡btxt ‡2rdacontent | |
| 336 | . | ‡astill image ‡bsti ‡2rdacontent | |
| 337 | . | ‡aunmediated ‡bn ‡2rdamedia | |
| 338 | . | ‡avolume ‡bnc ‡2rdacarrier | |
| 490 | 0 | . | ‡aNhia normal ; ‡v3 |
| 521 | . | ‡aAges 8-11 ‡bStone Arch Books. | |
| 521 | . | ‡aGrades 4-6 ‡bStone Arch Books. | |
| 520 | . | ‡aEleven-year-old Niah "Silver" Lee has anxiety about starting at a new school, but with the help of her family, she will try to overcome her negative thoughts. | |
| 650 | 0. | ‡aAnxiety ‡vComic books, strips, etc. | |
| 650 | 0. | ‡aSocial phobia ‡vComic books, strips, etc. | |
| 650 | 0. | ‡aHmong Americans ‡vComic books, strips, etc. | |
| 650 | 0. | ‡aSocial phobia ‡vJuvenile fiction. | |
| 650 | 0. | ‡aHmong Americans ‡vJuvenile fiction. | |
| 650 | 1. | ‡aGraphic novels. ‡0(LARL_NWRL_CONSORTIUM)40036 | |
| 650 | 1. | ‡aAnxiety ‡vFiction. | |
| 650 | 1. | ‡aSocial phobia ‡vFiction. | |
| 650 | 1. | ‡aHmong Americans ‡vFiction. | |
| 655 | 7. | ‡aComing-of-age comics ‡2fast | |
| 655 | 7. | ‡aGraphic novels ‡2fast | |
| 655 | 7. | ‡aComing-of-age comics. ‡2lcgft | |
| 655 | 7. | ‡aGraphic novels. ‡2lcgft | |
| 700 | 1 | . | ‡aDonnelly, Karen, ‡eillustrator. ‡0(LARL_NWRL_CONSORTIUM)202175 |
| 901 | . | ‡a446905 ‡bAUTOGEN ‡c446905 ‡tbiblio | |

Add to basket
Permalink
Disable Highlighting